00415cem a2200145 4500020001500000040000800015082002600023100002300049245004200072260005400114300004300168650001900211650001600230650002300246 a1561342297 cDLC00a327 DUS 1994 A074 Or.1 aAllen, John Logan,10aDPG student atlas of world politics / aGuilford, CT :bDushkin Publishing Group,cc1994. a1 atlas (98 p.) :bcol. maps ;c21 cm. 0aWorld politics 0aGeopolitics 0aMilitary geography